[Event "FRA-chT Top 16 Gp Haute"]
[Site "Chartres"]
[Date "2023.06.08"]
[Round "1.4"]
[White "Benitah, Yohan"]
[Black "Barbot, Pierre"]
[Result "1/2-1/2"]
[WhiteElo "2361"]
[BlackElo "2458"]
[PlyCount "87"]
[EventDate "2023.06.08"]
[EventType "team-tourn"]
[EventRounds "4"]
[EventCountry "FRA"]
[SourceTitle "CBM 214 Extra"]
[Source "ChessBase"]
[SourceDate "2023.07.31"]
[SourceVersion "1"]
[SourceVersionDate "2023.07.31"]
[SourceQuality "1"]
[WhiteTeam "Lyon"]
[BlackTeam "Grasse Echecs"]
[WhiteTeamCountry "FRA"]
[BlackTeamCountry "FRA"]

1. d4 Nf6 2. c4 e6 3. Nc3 Bb4 4. Qc2 0-0 5. e3 b6 6. Bd3 Bb7 7. Nf3 d5 8. 0-0 c5 9. cxd5 exd5 10. dxc5 Bxc5 11. Rd1 Qe7 12. a3 Nbd7 13. Nb5 Ne5 14. b4 Bd6 15. Nxd6 Nxf3+ 16. gxf3 Qxd6 17. Bb2 Rac8 18. Qe2 Nd7 19. Bf5 Rc7 20. f4 g6 21. Be4 Qe6 22. Bf3 Rfc8 23. Rac1 Rxc1 24. Rxc1 Rxc1+ 25. Bxc1 Nf6 26. Bb2 Ne4 27. Qd3 f6 28. Qd1 Kf7 29. b5 Ke8 30. a4 Bc8 31. Bg2 Bd7 32. Qd4 Bc8 33. Ba3 Bb7 34. a5 Kd7 35. h3 Kc7 36. Qb4 Qd7 37. Bb2 Qd6 38. Qb3 bxa5 39. Bxe4 dxe4 40. Qf7+ Qd7 41. Qxf6 Kb8 42. Be5+ Ka8 43. Kh2 a4 44. Kg3 1/2-1/2

[Event "FRA-chT Top 16 GpA"]
[Site "Chartres"]
[Date "2023.06.07"]
[Round "7.3"]
[White "Roos, Jean Luc"]
[Black "Benitah, Yohan"]
[Result "0-1"]
[WhiteElo "2184"]
[BlackElo "2354"]
[PlyCount "34"]
[EventDate "2023.06.01"]
[EventType "team-tourn"]
[EventRounds "7"]
[EventCountry "FRA"]
[SourceTitle "CBM 214 Extra"]
[Source "ChessBase"]
[SourceDate "2023.07.31"]
[SourceVersion "1"]
[SourceVersionDate "2023.07.31"]
[SourceQuality "1"]
[WhiteTeam "Strasbourg"]
[BlackTeam "Lyon"]
[WhiteTeamCountry "FRA"]
[BlackTeamCountry "FRA"]

1. d4 Nf6 2. Bf4 g6 3. Nf3 Bg7 4. Nbd2 d5 5. e3 0-0 6. h3 c5 7. Be2 Qb6 8. 0-0 Qxb2 9. Rb1 Qxa2 10. c4 cxd4 11. Ra1 Qb2 12. Nxd4 Qb6 13. Qa4 Na6 14. Rfb1 Qd8 15. cxd5 Nxd5 16. Bxa6 Nxf4 17. Bxb7 Bxb7 0-1

[Event "FRA-chT Top 16 Gp Basse"]
[Site "Chartres"]
[Date "2022.06.17"]
[Round "2.4"]
[White "Benitah, Yohan"]
[Black "Visakh, Narayanan Rajeswari"]
[Result "0-1"]
[WhiteElo "2385"]
[BlackElo "2506"]
[PlyCount "70"]
[EventDate "2022.06.16"]
[EventType "team-tourn"]
[EventRounds "4"]
[EventCountry "FRA"]
[SourceTitle "CBM 208 Extra"]
[Source "ChessBase"]
[SourceDate "2022.07.31"]
[SourceVersion "1"]
[SourceVersionDate "2022.07.31"]
[SourceQuality "1"]
[WhiteTeam "Lyon"]
[BlackTeam "Metz Fischer"]
[WhiteTeamCountry "FRA"]
[BlackTeamCountry "FRA"]

1. d4 Nf6 2. c4 c5 3. d5 e6 4. Nc3 exd5 5. cxd5 d6 6. e4 g6 7. f3 Bg7 8. Bg5 h6 9. Be3 a6 10. a4 0-0 11. Qd2 Re8 12. Nge2 Nbd7 13. Nd1 Ne5 14. Nec3 Nh5 15. Nf2 g5 16. Be2 Qf6 17. 0-0 Nf4 18. a5 Rb8 19. Ra3 b5 20. axb6 Nxe2+ 21. Qxe2 Rxb6 22. Rc1 Qg6 23. Na4 Rb8 24. Kh1 f5 25. exf5 Qxf5 26. Ne4 Qg6 27. Nac3 g4 28. f4 Nf7 29. Ng3 h5 30. f5 Bxf5 31. Nxf5 Qxf5 32. Qd2 Ne5 33. Ne2 Nc4 34. Ng3 Nxd2 35. Nxf5 Bxb2 0-1

[Event "FRA-chT Top 16 GpB"]
[Site "Chartres"]
[Date "2022.06.11"]
[Round "3.4"]
[White "Benitah, Yohan"]
[Black "Eugene, Floryan"]
[Result "0-1"]
[WhiteElo "2385"]
[BlackElo "2373"]
[PlyCount "76"]
[EventDate "2022.06.09"]
[EventType "team-tourn"]
[EventRounds "7"]
[EventCountry "FRA"]
[SourceTitle "CBM 208 Extra"]
[Source "ChessBase"]
[SourceDate "2022.07.31"]
[SourceVersion "1"]
[SourceVersionDate "2022.07.31"]
[SourceQuality "1"]
[WhiteTeam "Lyon"]
[BlackTeam "Echiquier de l'Erdre"]
[WhiteTeamCountry "FRA"]
[BlackTeamCountry "FRA"]

1. d4 Nf6 2. c4 g6 3. Nc3 Bg7 4. e4 d6 5. Nf3 0-0 6. Be2 Nbd7 7. 0-0 e5 8. Be3 Qe7 9. Qc2 c6 10. Rfe1 h6 11. h3 exd4 12. Nxd4 Re8 13. Bf1 Nc5 14. f3 Nh5 15. Qf2 g5 16. b4 Na6 17. b5 Nb8 18. Rad1 Be5 19. Nde2 Qf6 20. Nb1 Be6 21. g4 Nf4 22. Ng3 Nd7 23. bxc6 bxc6 24. Nd2 c5 25. Rb1 Nb8 26. Kh1 Nc6 27. Nb3 Rab8 28. Bd2 Rb6 29. Red1 Reb8 30. Rbc1 a5 31. Nxa5 Nxa5 32. Bxa5 Ra6 33. Be1 Rb2 34. Rd2 Raxa2 35. Rcc2 Nxh3 36. Bxh3 Bxg3 37. Qxg3 Rxc2 38. Qxd6 Rxd2 0-1

[Event "SUI-chT"]
[Site "Switzerland"]
[Date "2021.10.24"]
[Round "5.7"]
[White "Jusup, Matej"]
[Black "Benitah, Yohan"]
[Result "0-1"]
[WhiteElo "2267"]
[BlackElo "2377"]
[PlyCount "72"]
[EventDate "2021.08.29"]
[EventType "team-tourn"]
[EventRounds "9"]
[EventCountry "SUI"]
[SourceTitle "EXT 2023"]
[Source "ChessBase"]
[SourceDate "2022.10.05"]
[SourceVersion "1"]
[SourceVersionDate "2022.10.05"]
[SourceQuality "1"]
[WhiteTeam "Reti"]
[BlackTeam "Geneve"]
[WhiteTeamCountry "SUI"]
[BlackTeamCountry "SUI"]

1. e4 c5 2. c3 e6 3. d4 d5 4. exd5 exd5 5. Bb5+ Nc6 6. Nf3 Bd6 7. 0-0 Nge7 8. dxc5 Bxc5 9. Nbd2 0-0 10. Nb3 Bd6 11. h3 Bf5 12. Bd3 h6 13. Nbd4 Bxd3 14. Qxd3 Qd7 15. Nxc6 bxc6 16. c4 Rad8 17. b3 Rfe8 18. Bb2 Ng6 19. cxd5 Nf4 20. dxc6 Nxh3+ 21. Kh1 Qg4 22. Nh2 Qxg2+ 23. Kxg2 Nf4+ 24. Kg1 Nxd3 25. Bc3 Bc7 26. Nf3 Re6 27. Rfd1 Rxc6 28. Bd4 Nb4 29. Bxa7 Ra8 30. Be3 Nc2 31. Rac1 Rxa2 32. Rd2 Nxe3 33. Rxc6 Ra1+ 34. Rc1 Rxc1+ 35. Rd1 Rxd1+ 36. Ne1 Rxe1# 0-1

[Event "SUI-chT"]
[Site "Switzerland"]
[Date "2021.10.23"]
[Round "4.7"]
[White "Benitah, Yohan"]
[Black "Fecker, Noah"]
[Result "1-0"]
[WhiteElo "2377"]
[BlackElo "2325"]
[PlyCount "90"]
[EventDate "2021.08.29"]
[EventType "team-tourn"]
[EventRounds "9"]
[EventCountry "SUI"]
[SourceTitle "EXT 2023"]
[Source "ChessBase"]
[SourceDate "2022.10.05"]
[SourceVersion "1"]
[SourceVersionDate "2022.10.05"]
[SourceQuality "1"]
[WhiteTeam "Geneve"]
[BlackTeam "Zuerich"]
[WhiteTeamCountry "SUI"]
[BlackTeamCountry "SUI"]

1. d4 Nf6 2. c4 g6 3. Nc3 d5 4. cxd5 Nxd5 5. Bd2 Bg7 6. e4 Nb6 7. Be3 0-0 8. Be2 Nc6 9. Nf3 Bg4 10. d5 Bxf3 11. gxf3 Na5 12. Bd4 Qd6 13. Bxg7 Kxg7 14. Qd2 Qf6 15. Rd1 Nac4 16. Qc1 c6 17. b3 Nd6 18. dxc6 bxc6 19. Qe3 e5 20. a4 Rfd8 21. 0-0 Nd7 22. b4 Nf8 23. b5 cxb5 24. Nd5 Qh4 25. axb5 Ne6 26. Kh1 Ne8 27. Rg1 Nf6 28. Ne7 Ng4 29. fxg4 Qxe7 30. Bc4 Nf4 31. Bd5 Rab8 32. Bc6 h6 33. Ra1 Rd3 34. Qxa7 Qh4 35. Rg3 Rbd8 36. Bd5 Nxd5 37. Rxd3 Nf4 38. Rg3 Rd2 39. Qe3 Re2 40. Qc5 Qf6 41. Rf3 Rb2 42. h3 h5 43. Ra6 Qg5 44. Ra8 Ne6 45. Qc8 Qc1+ 1-0

[Event "FRA-chT 16 Final-B"]
[Site "Playchess.com INT"]
[Date "2021.01.17"]
[Round "10"]
[White "Benitah, Yohan"]
[Black "Brunner, Nicolas"]
[Result "0-1"]
[WhiteElo "2377"]
[BlackElo "2418"]
[PlyCount "142"]
[EventDate "2021.01.16"]
[EventType "team-tourn (blitz)"]
[EventRounds "15"]
[EventCountry "FRA"]
[SourceTitle "CBM 200 Extra"]
[Source "ChessBase"]
[SourceDate "2021.03.31"]
[SourceVersion "1"]
[SourceVersionDate "2021.03.31"]
[SourceQuality "1"]
[WhiteTeam "Lyon"]
[BlackTeam "Vandoeuvre"]
[WhiteTeamCountry "FRA"]
[BlackTeamCountry "FRA"]

1. d4 Nf6 2. c4 e6 3. Nc3 Bb4 4. Qc2 d5 5. cxd5 exd5 6. Bg5 h6 7. Bh4 c5 8. dxc5 g5 9. Bg3 Ne4 10. Bxb8 Qf6 11. Bg3 Nxc3 12. a3 Bf5 13. Qd2 Ba5 14. b4 Ne4 15. Qc1 Nxg3 16. hxg3 Bc7 17. Nf3 0-0 18. e3 Rfe8 19. Bb5 Re7 20. 0-0 a6 21. Be2 Be4 22. Qd2 Rd8 23. Rad1 h5 24. a4 h4 25. g4 h3 26. Qd4 Qh6 27. g3 Be5 28. Qd2 Qf6 29. Nh2 Bc3 30. Qc1 Bxb4 31. Bd3 Bg2 32. Bf5 Bxf1 33. Nxf1 Kg7 34. Nh2 Rc7 35. Nf3 Bxc5 36. Qb1 Ba7 37. Kh2 d4 38. exd4 Bxd4 39. Qe4 Bb6 40. Rxd8 Qxd8 41. Kxh3 Rc1 42. Kg2 Qf6 43. Qxb7 Qb2 44. Nxg5 Qxf2+ 45. Kh3 Qf1+ 46. Kh4 Qh1+ 47. Qxh1 Rxh1+ 48. Nh3 Ra1 49. Bd7 Rd1 50. Bc6 Rd6 51. Bf3 Rd3 52. Bc6 Bc7 53. Nf4 Rc3 54. Nh5+ Kf8 55. Bb7 a5 56. Ba6 Ke7 57. Nf4 Ra3 58. Bb5 Be5 59. Nd5+ Kd6 60. Nf4 f6 61. Nh5 Kc5 62. g5 fxg5+ 63. Kxg5 Bxg3 64. Kf5 Be1 65. Nf6 Bb4 66. Ne4+ Kd4 67. Ng5 Ra1 68. Ne6+ Ke3 69. Ke5 Rd1 70. Ng7 Bc3+ 71. Ke6 Bxg7 0-1

[Event "FRA-chT 16 Final-B"]
[Site "Playchess.com INT"]
[Date "2021.01.17"]
[Round "12"]
[White "Benitah, Yohan"]
[Black "Ternault, Mathieu"]
[Result "1-0"]
[WhiteElo "2377"]
[BlackElo "2324"]
[PlyCount "79"]
[EventDate "2021.01.16"]
[EventType "team-tourn (blitz)"]
[EventRounds "15"]
[EventCountry "FRA"]
[SourceTitle "CBM 200 Extra"]
[Source "ChessBase"]
[SourceDate "2021.03.31"]
[SourceVersion "1"]
[SourceVersionDate "2021.03.31"]
[SourceQuality "1"]
[WhiteTeam "Lyon"]
[BlackTeam "Agen"]
[WhiteTeamCountry "FRA"]
[BlackTeamCountry "FRA"]

1. d4 Nc6 2. c4 e5 3. Nf3 Bb4+ 4. Nc3 exd4 5. Nxd4 Nf6 6. Nxc6 bxc6 7. Bd2 0-0 8. e3 d5 9. cxd5 cxd5 10. Be2 c6 11. 0-0 Rb8 12. Rc1 Bd6 13. Na4 Bd7 14. Bf3 Qe7 15. b3 Ne4 16. Bc3 Nxc3 17. Nxc3 Qe5 18. g3 a5 19. Na4 Qe7 20. Bg4 f5 21. Bf3 Kh8 22. Qd3 h6 23. Qc3 Rb4 24. Rfd1 Rd8 25. Qd2 Qe5 26. Nb2 Qf6 27. Nd3 Rbb8 28. Qxa5 Ra8 29. Qd2 Ra6 30. Rc2 Rda8 31. Rdc1 Qe7 32. Be2 Rb6 33. Ne1 Qf6 34. Nf3 g5 35. Nd4 Bb4 36. Qd1 Ba3 37. Rb1 f4 38. Bd3 Re8 39. Qf3 Qe5 40. Re2 1-0

[Event "FRA-chT Top 16 La Bourdonnais"]
[Site "Playchess.com INT"]
[Date "2021.01.09"]
[Round "9"]
[White "Bailet, Pierre"]
[Black "Benitah, Yohan"]
[Result "1-0"]
[WhiteElo "2520"]
[BlackElo "2377"]
[PlyCount "33"]
[EventDate "2021.01.09"]
[EventType "team-tourn (rapid)"]
[EventRounds "12"]
[EventCountry "FRA"]
[SourceTitle "CBM 200 Extra"]
[Source "ChessBase"]
[SourceDate "2021.03.31"]
[SourceVersion "1"]
[SourceVersionDate "2021.03.31"]
[SourceQuality "1"]
[WhiteTeam "Metz Fischer"]
[BlackTeam "Lyon"]
[WhiteTeamCountry "FRA"]
[BlackTeamCountry "FRA"]

1. e4 e6 2. d4 d5 3. Nd2 Nf6 4. e5 Nfd7 5. Bd3 c5 6. c3 Nc6 7. Ngf3 Be7 8. 0-0 g5 9. dxc5 Ndxe5 10. Nxe5 Nxe5 11. Nb3 Bd7 12. f4 Nxd3 13. Qxd3 g4 14. f5 exf5 15. Bf4 Be6 16. Nd4 Bxc5 17. Qb5+ 1-0

[Event "FRA-chT Top 16 La Bourdonnais"]
[Site "Playchess.com INT"]
[Date "2021.01.09"]
[Round "7"]
[White "Benitah, Yohan"]
[Black "Mathieu, Phileas"]
[Result "1/2-1/2"]
[WhiteElo "2377"]
[BlackElo "2240"]
[PlyCount "53"]
[EventDate "2021.01.09"]
[EventType "team-tourn (rapid)"]
[EventRounds "12"]
[EventCountry "FRA"]
[SourceTitle "CBM 200 Extra"]
[Source "ChessBase"]
[SourceDate "2021.03.31"]
[SourceVersion "1"]
[SourceVersionDate "2021.03.31"]
[SourceQuality "1"]
[WhiteTeam "Lyon"]
[BlackTeam "Vandoeuvre"]
[WhiteTeamCountry "FRA"]
[BlackTeamCountry "FRA"]

1. d4 Nf6 2. c4 c5 3. d5 b5 4. cxb5 a6 5. b6 e6 6. Nc3 Nxd5 7. Nxd5 exd5 8. Qxd5 Nc6 9. Nf3 Rb8 10. e4 Be7 11. Bc4 0-0 12. 0-0 Rxb6 13. Ng5 Nb4 14. Nxf7 Qe8 15. Nd6+ Nxd5 16. Nxe8 Rxe8 17. Bxd5+ Kh8 18. b3 Bf6 19. Rb1 Bb7 20. Bxb7 Rxb7 21. Be3 Rc7 22. Rfd1 Rxe4 23. Rbc1 c4 24. bxc4 Rexc4 25. Rxc4 Rxc4 26. g3 Ra4 27. Rd2 1/2-1/2

[Event "FRA-chT Top 16 La Bourdonnais"]
[Site "Playchess.com INT"]
[Date "2021.01.09"]
[Round "12"]
[White "Benitah, Yohan"]
[Black "Terrieux, Kevin"]
[Result "1-0"]
[WhiteElo "2377"]
[BlackElo "2448"]
[PlyCount "165"]
[EventDate "2021.01.09"]
[EventType "team-tourn (rapid)"]
[EventRounds "12"]
[EventCountry "FRA"]
[SourceTitle "CBM 200 Extra"]
[Source "ChessBase"]
[SourceDate "2021.03.31"]
[SourceVersion "1"]
[SourceVersionDate "2021.03.31"]
[SourceQuality "1"]
[WhiteTeam "Lyon"]
[BlackTeam "Metz Fischer"]
[WhiteTeamCountry "FRA"]
[BlackTeamCountry "FRA"]

1. d4 d5 2. c4 dxc4 3. e4 e5 4. Nf3 exd4 5. Bxc4 Nc6 6. Qb3 Bb4+ 7. Nbd2 Nh6 8. 0-0 0-0 9. Bd5 Bd6 10. Nc4 Ng4 11. Bxc6 bxc6 12. h3 Nh6 13. Bxh6 gxh6 14. Nxd4 Qf6 15. Nxc6 Be6 16. Rac1 Bf4 17. Rc3 Bxh3 18. Rxh3 Qxc6 19. Qc2 Rfe8 20. Re1 Be5 21. b3 Kh8 22. Qe2 Bg7 23. e5 Rad8 24. Rf3 Qe6 25. Re3 Rd5 26. Qf3 Red8 27. a4 a6 28. a5 R8d7 29. Qg3 Rd8 30. Qh4 Rg8 31. Rg3 Rgd8 32. Re4 Rd3 33. Rxd3 Rxd3 34. Re3 Rd1+ 35. Kh2 Rd5 36. g3 Qf5 37. Kg2 h5 38. Rf3 Qg6 39. Qf4 Rd7 40. Qe3 h6 41. Rf4 Kh7 42. Qf3 Re7 43. Qe4 Qxe4+ 44. Rxe4 Kg6 45. f4 Rd7 46. Re3 Kf5 47. Kf3 Bf8 48. Rc3 Bb4 49. Ne3+ Kg6 50. Rc6+ Kg7 51. Rxa6 Rd3 52. Ke4 Rxb3 53. Nf5+ Kh7 54. Rxh6+ Kg8 55. a6 Ra3 56. Rc6 Ba5 57. Nd4 Bb6 58. Nb5 Rxa6 59. Nxc7 Ra4+ 60. Kf3 Bxc7 61. Rxc7 Ra6 62. Kg2 Kg7 63. Kh3 Kg6 64. Rd7 Ra1 65. Rd6+ Kg7 66. Rf6 Rh1+ 67. Kg2 Ra1 68. Rf5 Kg6 69. Rg5+ Kh6 70. Kf3 Ra4 71. Ke3 Rb4 72. Kf3 Ra4 73. Rf5 Kg6 74. Rf6+ Kg7 75. Kg2 Ra1 76. Rb6 Ra2+ 77. Kh3 Ra1 78. Kh4 Rh1+ 79. Kg5 Rh3 80. Rb3 Kh7 81. f5 Kg7 82. f6+ Kg8 83. Kh6 1-0

[Event "FRA-chT Top 16 La Bourdonnais"]
[Site "Playchess.com INT"]
[Date "2021.01.09"]
[Round "8"]
[White "Nezar, Mustapha"]
[Black "Benitah, Yohan"]
[Result "1-0"]
[WhiteElo "2353"]
[BlackElo "2377"]
[PlyCount "63"]
[EventDate "2021.01.09"]
[EventType "team-tourn (rapid)"]
[EventRounds "12"]
[EventCountry "FRA"]
[SourceTitle "CBM 200 Extra"]
[Source "ChessBase"]
[SourceDate "2021.03.31"]
[SourceVersion "1"]
[SourceVersionDate "2021.03.31"]
[SourceQuality "1"]
[WhiteTeam "Vandoeuvre"]
[BlackTeam "Lyon"]
[WhiteTeamCountry "FRA"]
[BlackTeamCountry "FRA"]

1. e4 c5 2. Nf3 d6 3. d4 cxd4 4. Nxd4 Nf6 5. Nc3 a6 6. Nb3 e6 7. g4 h6 8. Bg2 Be7 9. Be3 Nbd7 10. Qe2 Qc7 11. 0-0-0 Ne5 12. f3 Nc4 13. h4 Nd7 14. Bd4 Rg8 15. f4 b5 16. g5 Bb7 17. Bh3 Nf8 18. Rhg1 hxg5 19. hxg5 e5 20. fxe5 dxe5 21. Bf2 Ng6 22. Rd7 Qb8 23. Bc5 Bc8 24. Qd1 Bxd7 25. Qxd7+ Kf8 26. Nd5 Qd8 27. Nxe7 Nxe7 28. Qb7 Rh8 29. Bxe7+ Qxe7 30. Qxa8+ Qe8 31. Qxe8+ Kxe8 32. Rg3 1-0

[Event "Francophone-ch rapid 3rd"]
[Site "Geneve"]
[Date "2016.07.03"]
[Round "15"]
[White "Benitah, Yohan"]
[Black "Bouaziz, Slim"]
[Result "1/2-1/2"]
[WhiteElo "2396"]
[BlackElo "2266"]
[PlyCount "42"]
[EventDate "2016.07.02"]
[EventType "swiss (rapid)"]
[EventRounds "15"]
[EventCountry "SUI"]
[SourceTitle "CBM 173 Extra"]
[Source "ChessBase"]
[SourceDate "2016.08.29"]
[SourceVersion "1"]
[SourceVersionDate "2016.08.29"]
[SourceQuality "1"]

1. d4 Nf6 2. c4 g6 3. Nc3 d5 4. cxd5 Nxd5 5. e4 Nxc3 6. bxc3 c5 7. Bc4 Bg7 8. Ne2 Qc7 9. d5 Nd7 10. 0-0 Nb6 11. Bd3 c4 12. Bc2 0-0 13. Be3 Rd8 14. Qd2 e6 15. Nf4 exd5 16. Bxb6 Qxb6 17. Nxd5 Qc5 18. Bd1 Be6 19. Bf3 Bxd5 20. exd5 Rd6 21. Rfe1 Rad8 1/2-1/2

[Event "Francophone-ch rapid 3rd"]
[Site "Geneve"]
[Date "2016.07.03"]
[Round "12"]
[White "Benitah, Yohan"]
[Black "Vernay, Clovis"]
[Result "1/2-1/2"]
[WhiteElo "2396"]
[BlackElo "2507"]
[PlyCount "23"]
[EventDate "2016.07.02"]
[EventType "swiss (rapid)"]
[EventRounds "15"]
[EventCountry "SUI"]
[SourceTitle "CBM 173 Extra"]
[Source "ChessBase"]
[SourceDate "2016.08.29"]
[SourceVersion "1"]
[SourceVersionDate "2016.08.29"]
[SourceQuality "1"]

1. d4 d5 2. c4 c6 3. cxd5 cxd5 4. Nf3 Nf6 5. Nc3 e6 6. Bf4 Bd6 7. Bxd6 Qxd6 8. e3 0-0 9. Bd3 Bd7 10. 0-0 Nc6 11. Qe2 Rfc8 12. Rac1 1/2-1/2

[Event "Francophone-ch rapid 3rd"]
[Site "Geneve"]
[Date "2016.07.02"]
[Round "5"]
[White "Benitah, Yohan"]
[Black "Fioramonti, Hung"]
[Result "0-1"]
[WhiteElo "2396"]
[BlackElo "2320"]
[PlyCount "56"]
[EventDate "2016.07.02"]
[EventType "swiss (rapid)"]
[EventRounds "15"]
[EventCountry "SUI"]
[SourceTitle "CBM 173 Extra"]
[Source "ChessBase"]
[SourceDate "2016.08.29"]
[SourceVersion "1"]
[SourceVersionDate "2016.08.29"]
[SourceQuality "1"]

1. d4 Nc6 2. c4 e5 3. d5 Nce7 4. Nc3 Nf6 5. e4 Ng6 6. Nf3 Bc5 7. Be2 0-0 8. 0-0 d6 9. Ne1 a6 10. Nd3 Ba7 11. b4 Bd4 12. Bb2 Bxc3 13. Bxc3 Nxe4 14. Bb2 Qg5 15. Bc1 Qe7 16. Qc2 f5 17. Bb2 Qg5 18. Bc1 Qf6 19. Rb1 f4 20. f3 Ng5 21. Bb2 Nh4 22. Nf2 Bf5 23. Bd3 Qg6 24. Kh1 Ngxf3 25. Ne4 Ng5 26. Rbe1 f3 27. g3 Ng2 28. Bc1 Nxe1 0-1

[Event "Francophone-ch rapid 3rd"]
[Site "Geneve"]
[Date "2016.07.02"]
[Round "7"]
[White "Benitah, Yohan"]
[Black "Patuzzo, Fabrizio"]
[Result "1-0"]
[WhiteElo "2396"]
[BlackElo "2358"]
[PlyCount "135"]
[EventDate "2016.07.02"]
[EventType "swiss (rapid)"]
[EventRounds "15"]
[EventCountry "SUI"]
[SourceTitle "CBM 173 Extra"]
[Source "ChessBase"]
[SourceDate "2016.08.29"]
[SourceVersion "1"]
[SourceVersionDate "2016.08.29"]
[SourceQuality "1"]

1. d4 d5 2. c4 c6 3. Nf3 Nf6 4. e3 a6 5. Nbd2 Bf5 6. Be2 e6 7. 0-0 h6 8. Ne5 Bd6 9. f4 0-0 10. a4 Ne4 11. Qb3 Qc7 12. Nxe4 Bxe4 13. Bd2 Nd7 14. Rac1 Rad8 15. Ng4 f5 16. Nf2 Nf6 17. Bb4 Bxb4 18. Qxb4 a5 19. Qb3 Rb8 20. Bd3 Kh7 21. Bxe4 fxe4 22. Rc2 Qe7 23. cxd5 exd5 24. Rc5 Ra8 25. h3 Qc7 26. Rfc1 Ra6 27. Qd1 Qb6 28. b3 Qb4 29. g4 Nd7 30. R5c3 Qd6 31. Kg2 Rb6 32. h4 g6 33. Rc5 Ra6 34. R5c3 Raa8 35. Qd2 Rf7 36. Rh1 Qb4 37. Qb2 Nb6 38. Qc2 Nd7 39. Qb2 Nb6 40. Qc1 Nd7 41. Nh3 Kg7 42. Nf2 Raf8 43. Rh3 Kg8 44. Rg3 Rg7 45. Nh3 Qe7 46. g5 h5 47. Kh2 Rgf7 48. Rg2 Rf5 49. Ng1 Qb4 50. Ne2 R5f7 51. Ng3 Qd6 52. Qd2 Nb6 53. Rc1 Ra8 54. Rc5 Nd7 55. Rxa5 Rb8 56. Ra7 c5 57. dxc5 Nxc5 58. Qb4 Rd7 59. Ra5 b6 60. Rb5 Nd3 61. Qxd6 Rxd6 62. a5 Kf7 63. Ne2 Ke7 64. Nd4 Kd7 65. Rc2 Ne1 66. Rc1 Nd3 67. Rc3 Nb4 68. Rxb4 1-0